Statistics for The Germany Quiz

Click here to take the quiz!

General Stats

  • This quiz has been taken 32 times
  • The average score is 33 of 35

Answer Stats

HintAnswer% Correct
Bordering CountryNetherlands
100%
Bordering CountryDenmark
100%
Drives on the...Right
100%
ContinentEurope
100%
Nationality (Demonym) | Primary LanguageGerman
100%
Bordering CountrySwitzerland
100%
Bordering CountryPoland
100%
Flag ColorBlack
100%
Bordering CountryFrance
100%
Bordering SeaBaltic Sea
100%
Former CurrencyGerman Mark
100%
Capital CityBerlin
100%
Flag ColorRed
100%
CurrencyEuro (EUR)
100%
Flag ColorGold
100%
Third Largest CityMunich
100%
ChancellorAngela Merkel
100%
Most Popular SportFootball (Soccer)
97%
Largest ReligionChristianity
97%
Second Largest CityHamburg
97%
Bordering CountryAustria
97%
Bordering CountryLuxembourg
97%
Fourth Largest CityCologne
97%
Bordering SeaNorth Sea
97%
Bordering CountryBelgium
97%
Bordering CountryCzech Republic
97%
Largest CathedralCologne Cathedral
93%
Famous Capital City GateBrandenburg Gate
93%
Longest RiverDanube
93%
Largest StateBavaria
93%
16-Day Fall FestivalOktoberfest
90%
# of States16
83%
First Chancellor of Germany**Otto von Bismarck
67%
Official NameFederal Republic of Germany
60%

Score Distribution

Percentile by Number Answered

Percent of People with Each Score

Your Score History

You have not taken this quiz